UPSCप्रीलिम्स ऐसे होगा कैक TOPPERS की जीत का फाॅर्मूला (Record no. 68645)
[ view plain ]
| 000 -LEADER | |
|---|---|
| fixed length control field | 00453nam a22001097a 4500 |
| 082 ## - DEWEY DECIMAL CLASSIFICATION NUMBER | |
| Classification number | 080 |
| 100 ## - MAIN ENTRY--AUTHOR NAME | |
| Personal name | अग्रवाल,डॉ. विजय |
| 245 ## - TITLE STATEMENT | |
| Title | UPSCप्रीलिम्स ऐसे होगा कैक TOPPERS की जीत का फाॅर्मूला |
| 260 ## - PUBLICATION, DISTRIBUTION, ETC. (IMPRINT) | |
| Place of publication | भोपाल |
| Name of publisher | बेन्तेन बुक्स |
| Year of publication | 2026 |
| 650 ## - SUBJECT ADDED ENTRY--TOPICAL TERM | |
| Topical Term | सामान्यवर्ग |
| 942 ## - ADDED ENTRY ELEMENTS (KOHA) | |
| Koha item type | Hindi Books |
| Withdrawn status | Lost status | Damaged status | Not for loan | Home library | Current library | Date acquired | Cost, normal purchase price | Full call number | Accession Number | Price effective from | Koha item type |
|---|---|---|---|---|---|---|---|---|---|---|---|
| MACL | MACL | 21/02/2026 | 250.00 | 080 | DPI004151 | 21/02/2026 | Hindi Books | ||||
| MACL | MACL | 21/02/2026 | 250.00 | 080 | DPI004150 | 21/02/2026 | Hindi Books |









